| 000 | 00350 a2200109 4500 | ||
|---|---|---|---|
| 001 | ART_13524 | ||
| 005 | 20260410161910.0 | ||
| 008 | 260409a | ||
| 245 | 1 | 0 | _aAlgunos aspectos teóricos sobre la distriución del ingreso |
| 100 | 1 | _aLustig, Nora | |
| 773 | 0 |
_tDemografía y economía _g- Vol. X, Nº 30 (sep./dic. 1976) _wREV13200 |
|
| 999 |
_c26714 _d26714 |
||